000 00227 a2200085 4500
020 _a9780195624342
100 _aGiles Henry Rupert Tillotson
245 _aThe Tradition of Indian Architecture
260 _bYale University Press
_c1989
999 _c11256
_d11256